000
00313nam a2200133Ia 4500
008
190723s9999 xx 000 0 und d
020
_a
978-93-3254219-8
100
_a
Gary Dessler
245
0
_a
Human Resource Management
250
_a
14th
260
_a
India
_b
Pearson
_c
2016
300
_a
570.:p
942
_c
BK
999
_c
1598
_d
1598